2023 Baltimore Orioles 40 Man Roster - Statistics

General Stats
  • This quiz has been taken 155 times
  • The average score is 22 of 41
Answer Stats
Jersey # Answers % Correct
35 Adley Rutschman
93%
2 Gunnar Henderson
93%
25 Anthony Santander
90%
31 Cedric Mullins
89%
74 Felix Bautista
88%
6 Ryan Mountcastle
87%
78 Yennier Cano
87%
3 Jorge Mateo
86%
21 Austin Hays
80%
29 Ramon Urias
75%
32 Ryan OHearn
74%
11 Jordan Westburg
73%
27 James McCann
70%
17 Colton Cowser
68%
30 Grayson Rodriguez
65%
39 Kyle Bradish
65%
64 Dean Kremer
64%
12 Adam Frazier
61%
68 Tyler Wells
61%
58 Cionel Perez
52%
48 Kyle Gibson
52%
26 Ryan McKenna
49%
34 Aaron Hicks
39%
43 Bryan Baker
39%
47 John Means
39%
66 Jacob Webb
38%
53 Mike Baumann
38%
19 Cole Irvin
37%
54 Danny Coulombe
37%
24 DL Hall
37%
28 Kyle Stowers
37%
45 Keegan Akin
35%
73 Jorge Lopez
30%
15 Jack Flaherty
29%
14 Shintaro Fujinami
29%
55 Dillon Tate
25%
65 Joey Ortiz
23%
23 Terrin Vavra
23%
79 Nick Vespi
19%
52 Joey Krehbiel
11%
56 Seth Johnson
8%
No matching quizzes found
Score Distribution
Percent of People with Each Score
Percentile by Number Answered
Your Score History
You have not taken this quiz